Catálogo

God, humanity and the cosmos : (Registro nro. 67753)

Detalles MARC
000 -LEADER
fixed length control field 00993cam a2200265 i 4500
001 - CONTROL NUMBER
control field 67753
003 - CONTROL NUMBER IDENTIFIER
control field Mx-PuUPA
005 - DATE AND TIME OF LATEST TRANSACTION
control field 20230118082336.0
008 - FIXED-LENGTH DATA ELEMENTS--GENERAL INFORMATION
fixed length control field 140415s1999 xxu r 000 0 eng d
040 ## - CATALOGING SOURCE
Original cataloging agency MX-PuUPA
Language of cataloging spa
Description conventions rda
Transcribing agency Mx-PuUPA
Modifying agency Mx-PuUPA
041 0# - LANGUAGE CODE
Language code of text/sound track or separate title eng
100 1# - MAIN ENTRY--PERSONAL NAME
Personal name Southgate, Christopher,
Dates associated with a name 1953-
Relator term autor
9 (RLIN) 835
245 10 - TITLE STATEMENT
Title God, humanity and the cosmos :
Remainder of title a textbook in science and religion /
Statement of responsibility, etc. Christopher Southgate, Celia Deane-Drummond, Paul D. Murray [y otros cinco].
264 #1 - PRODUCTION, PUBLICATION, DISTRIBUTION, MANUFACTURE, AND COPYRIGHT NOTICE
Place of production, publication, distribution, manufacture United States of America :
Name of producer, publisher, distributor, manufacturer Trinity Press International,
Date of production, publication, distribution, manufacture, or copyright notice 1999
300 ## - PHYSICAL DESCRIPTION
Extent xxviii, 449 páginas :
Other physical details ilustraciones ;
Dimensions 24 cm.
336 ## - CONTENT TYPE
Content type term texto
Fuente rdacontent
Content type code txt
337 ## - MEDIA TYPE
Media type term sin medio
Source rdamedia
Media type code n
338 ## - CARRIER TYPE
Carrier type term volumen
Source rdacarrier
Carrier type code nc
650 #7 - SUBJECT ADDED ENTRY--TOPICAL TERM
Topical term or geographic name entry element Religión y ciencia
Source of heading or term armarc
700 1# - ADDED ENTRY--PERSONAL NAME
Personal name Deane-Drummond, Celia
Relator term autor
9 (RLIN) 836
700 1# - ADDED ENTRY--PERSONAL NAME
Personal name Murray, P. D.
Fuller form of name (Paul D.)
Relator term autor
9 (RLIN) 837
942 ## - ADDED ENTRY ELEMENTS (KOHA)
Classification part 215
Item part S715
Koha item type Libro
Source of classification or shelving scheme Dewey Decimal Classification
Existencias
Withdrawn status Lost status Source of classification or shelving scheme Damaged status Not for loan Collection code Home library Current library Shelving location Date acquired Source of acquisition Total Checkouts Full call number Barcode Date last seen Date last checked out Price effective from Koha item type
    Dewey Decimal Classification     General Centro de Estudios en Ciencia y Religión Centro de Estudios en Ciencia y Religión Sala general 25/10/2017 Compra   215 S715 1999 98398 05/01/2026 13/12/2017 05/12/2017 Libro